000 00888-am-a2200229-a-4500
001 000154534
003 AM-YeHGA
005 20250617163236.0
008 000202s1956 xxu 000 0 rus u
020 _c9.00
040 _aAM-YeHGA
100 1 _aКуликов, Иван Степанович
245 1 0 _aПрименение радиоактивных изотопов в металлургии /
_cИ.С. Куликов, И.А. Попов ; Под науч. ред. В.Н. Агеева и В.Ф. Смирнова.
260 _aМосква :
_bМеталлургиздат,
_c1956.
300 _a260 с. :
_bил.
504 _aБиблиогр. 132 назв.
650 1 4 _aМеталлургия
700 1 _aПопов, Иван Алексеевич
700 1 _aАгеев, В.Н.
_eред.
_4edt
700 1 _aСмирнов, В.Ф.
_eред.
_4edt
090 _c506913
999 _c503496
_d503496